| 000 | 01759nam a2200229Ia 4500 | ||
|---|---|---|---|
| 008 | 260220t1977||||xx |||||||||||||| ||spa|| | ||
| 040 |
_aPY-SlUNAC _bspa _erda |
||
| 041 | _aspa | ||
| 082 |
_a616.968 _bSem52e |
||
| 245 | 0 | _aEcología y control de los parásitos externos de importancia económica que afectan al ganado en América Latina | |
| 264 |
_aCali : _bCentro Regional de Agricultura Tropical, _c℗1977. |
||
| 300 | _a1 volumen | ||
| 520 | _aEl libro "Ecología y control de los parásitos externos de importancia económica que afectan al ganado en América Latina" presenta un análisis exhaustivo sobre la problemática de los parásitos externos que afectan la salud y productividad del ganado en la región. A través de una revisión detallada, se abordan las principales especies de parásitos, como garrapatas, moscas y piojos, y su impacto económico en la industria ganadera. Además, se discuten las condiciones ecológicas que favorecen la proliferación de estos organismos y los factores que influyen en su transmisión. El texto también propone estrategias de control y manejo integrado de los parásitos, enfatizando la importancia de la educación y la capacitación de los productores en prácticas de prevención. Con un enfoque multidisciplinario que abarca la veterinaria, la biología y la economía, esta obra se convierte en un recurso valioso para investigadores, profesionales y estudiantes interesados en la sanidad animal y la producción sostenible en América Latina. | ||
| 653 | _aEcología | ||
| 653 | _aGanadería | ||
| 653 | _aParásitos | ||
| 942 |
_b2026/02/17 _cBK |
||
| 999 |
_c8511 _d8511 |
||